| 000 | 00542nam a2200181 a 4500 | ||
|---|---|---|---|
| 001 | 000672638 | ||
| 003 | AM-YeHGA | ||
| 005 | 20250617142021.0 | ||
| 008 | 090707s1965 ||| r 000 0 rus d | ||
| 040 | _aAM-YeHGA | ||
| 041 | 1 |
_arus _hrum |
|
| 245 | 0 | 0 |
_aРумынские баллады и дойны / _cСост. А. Садецкого. |
| 260 |
_aМосква : _bХудож. лит., _c1965. |
||
| 300 | _a183 с. | ||
| 653 | 0 | _aРумынская поэзия | |
| 700 | 1 |
_aСадецкий, А. _eсост. _4com |
|
| 090 | _c251061 | ||
| 999 |
_c249466 _d249466 |
||